guess the artist yay - Statistics

General Stats
  • This quiz has been taken 10 times
  • The average score is 8 of 20
Answer Stats
Hint Answer % Correct
Careless Whisper George Michael
90%
Zombie The Cranberries
90%
Running Up That Hill Kate Bush
80%
Africa TOTO
80%
Wake Me up When September Ends Green Day
60%
You Give Love a Bad Name Bon Jovi
50%
fukumean Gunna
50%
Flowers Miley Cyrus
50%
Chasing Cars Snow Patrol
50%
This Charming Man The Smiths
50%
Iris The Goo Goo Dolls
40%
Chicago Michael Jackson
30%
SOS ABBA
20%
All Shook Up Elvis Presley
20%
Dem Boy Paigon J Hus
10%
U Remind Me Usher
10%
I Have Nothing Whitney Houston
10%
Candy Cameo
0%
Talkin the Hardest Giggs
0%
Parado no Bailao MC L da Vinte
0%
No matching quizzes found
Score Distribution
Percent of People with Each Score
Percentile by Number Answered
Your Score History
You have not taken this quiz